A survey of the schools of Susquehanna Township, Dauphin County, Pennsylvania. (Record no. 20956)

MARC details
000 -LEADER
fixed length control field 00914cam a22002411 4500
001 - CONTROL NUMBER
control field e 29000090
003 - CONTROL NUMBER IDENTIFIER
control field DLC
005 - DATE AND TIME OF LATEST TRANSACTION
control field 20260227111218.0
008 - FIXED-LENGTH DATA ELEMENTS--GENERAL INFORMATION
fixed length control field 811104s1928 paua s000 0 eng c
010 ## - LIBRARY OF CONGRESS CONTROL NUMBER
LC control number e 29000090
035 ## - SYSTEM CONTROL NUMBER
System control number (OCoLC)7905804
040 ## - CATALOGING SOURCE
Original cataloging agency Library, U. S. Bur. of Education
Transcribing agency KWiU
Modifying agency DLC
042 ## - AUTHENTICATION CODE
Authentication code premarc
050 00 - LIBRARY OF CONGRESS CALL NUMBER
Classification number LA356.D3
Item number A5 1928
110 1# - MAIN ENTRY--CORPORATE NAME
Corporate name or jurisdiction name as entry element Pennsylvania.
Subordinate unit Department of Public Instruction.
245 12 - TITLE STATEMENT
Title A survey of the schools of Susquehanna Township, Dauphin County, Pennsylvania.
Statement of responsibility, etc. Commonwealth of Pennsylvania, Department of public instruction, Harrisburg.
260 ## - PUBLICATION, DISTRIBUTION, ETC.
Place of publication, distribution, etc. [Harrisburg,
Date of publication, distribution, etc. 1928]
300 ## - PHYSICAL DESCRIPTION
Extent 59 p.
Other physical details illus., diagrs.
Dimensions 23 cm.
490 0# - SERIES STATEMENT
Series statement Educational monographs
Volume/sequential designation [v. 1, no. 7. July, 1928]
500 ## - GENERAL NOTE
General note Cover title.
650 #0 - SUBJECT ADDED ENTRY--TOPICAL TERM
Topical term or geographic name entry element Educational surveys
Geographic subdivision Pennsylvania
-- Susquehanna (Township)
650 #0 - SUBJECT ADDED ENTRY--TOPICAL TERM
Topical term or geographic name entry element Public schools
Geographic subdivision Pennsylvania
-- Susquehanna (Township)

No items available.

Powered by Koha